000
00200 a2200097 4500
001
30903
100
_a
Far
245
_a
Sultan, Ma Muhammad
260
_a
Lahore
_b
Mecca Box
_c
090
_c
20798
_d
20798
942
_a
NUST-CAE
_c
M
_c
12000
999
_c
265976
_d
265976